| 000 | 01203cam a2200313 i 4500 | ||
|---|---|---|---|
| 003 | SA-RiAUC | ||
| 005 | 20250716070518.0 | ||
| 008 | 250713s1998 ua g b 00010cara c | ||
| 020 | _a9772321394 | ||
| 040 |
_aSA-RiIMS _bara _cSA-RiAUC _erda |
||
| 043 | _af-ua--- | ||
| 050 | 4 | _bJ857 1998 | |
| 082 | 0 | 4 | _a920 |
| 090 |
_a920 _bج م ع |
||
| 100 | 1 |
_aجمعة، محمد لطفي، _d1886-1953 _eمؤلف. |
|
| 245 | 1 | 0 |
_aقطرة من مداد لأعلام المتعاصرين والأنداد : _bتراجم مصرية وأجنبية / _cمحمد لطفي جمعة ؛ مراجعة رابح لطفي جمعة. |
| 264 | 1 |
_aالقاهرة : _bعالم الكتب، _c1998 |
|
| 300 |
_a380 صفحة ؛ _c24 سم |
||
| 336 |
_aنص _btxt _2rdacontent _3كتاب |
||
| 337 |
_aبدون وسيط _bn _2rdamedia |
||
| 338 |
_aمجلد _bnc _2rdacarrier |
||
| 504 | _aيشتمل على إرجاعات ببليوجرافية. | ||
| 650 | 7 |
_aتراجم _2aucsh |
|
| 650 | 7 |
_aالمثقفون _zمصر _vتراجم _2aucsh |
|
| 651 | 7 |
_aمصر _vتراجم _2aucsh |
|
| 700 | 1 |
_aجمعة، رابح لطفي _eمراجع. |
|
| 942 |
_2ddc _cBOOK _n0 |
||
| 949 |
_aSA-JeALM _d250713 _umohamedma123 _n1 |
||
| 999 |
_c9989 _d9989 |
||